000 01540cam a22003734a 4500
001 13369059
003 OSt
005 20240723105546.0
008 020726s2002 enka b o000 0 eng
010 _a 2003374435
020 _a0850926556
035 _a(OCoLC)ocm50271681
040 _aDLC
_cMUST
_dDLC
042 _apcc
043 _ab------
082 _a303.5 GEN 2002
245 0 0 _aGender mainstreaming in HIV/AIDS :
_btaking a multisectoral approach /
_cCommonwealth Secretariat, Maritime Centre of Excellence for Women's Health.
260 _aLondon :
_bCommonwealth Secretariat,
_c2002.
300 _axviii, 164 p. :
_bill. ;
_c25 cm.
440 0 _aNew gender mainstreaming series on development issues
_97522
504 _aIncludes bibliographical references (p. 136-145).
650 0 _aAIDS (Disease)
_xGovernment policy
_zCommonwealth countries.
_918942
650 0 _aHIV-positive persons
_xSex differences
_zCommonwealth countries.
_918943
650 0 _aDiscrimination in medical care
_xPrevention
_zCommonwealth countries.
_918944
650 1 2 _aHIV Infections
_xprevention & control.
_918945
650 2 2 _aGovernment Programs.
_918946
650 2 2 _aSex Factors.
_910147
650 2 2 _aSocioeconomic Factors.
_96874
710 2 _aCommonwealth Secretariat.
_97533
710 2 _aMaritime Centre of Excellence for Women's Health.
_918947
906 _a7
_bcbc
_corigres
_d2
_encip
_f20
_gy-gencatlg
942 _2ddc
_cO_SHELF
999 _c9266
_d9266